| 000 | 00519nam a2200169Ia 4500 | ||
|---|---|---|---|
| 003 | GCL | ||
| 008 | 140319s9999 xx 000 0 eng d | ||
| 040 |
_aGCL / _cGCL |
||
| 082 | 0 | 4 |
_a610.3 _bB B |
| 100 | 1 | _aBISHAY, MILAD GH | |
| 245 | 1 | 0 |
_aBISHAY'S NEW ILLUSTRATED MEDICAL DICTIONARY: A VOCABULARY OF MEDICINE AND ITS ALLIED SCIENCES / _cBISHAY, MILAD GH |
| 260 |
_a[S.N] : _bMILAD GH. BISHAY ، _c1995 |
||
| 300 | _a800 P | ||
| 650 | 0 | 4 | _aMEDICAL SCIENCE |
| 650 | 0 | 4 | _aMEDICAL SCIENCE - DICTIONARY |
| 942 |
_2ddc _cBK |
||
| 999 |
_c13563 _d13563 |
||